logo

Bir Sreshtho Munshi Abdur Rouf Library
Jhenaidah Cadet College

১৫ টি হরর গল্প / (Record no. 13144)

MARC details
000 -LEADER
fixed length control field 00756nam a2200241 a 4500
001 - CONTROL NUMBER
JCCL Control Number 13144
003 - CONTROL NUMBER IDENTIFIER
JCCL marc code BD-JhCC
005 - DATE AND TIME OF LATEST TRANSACTION
control field 20230713084844.0
008 - FIXED-LENGTH DATA ELEMENTS--GENERAL INFORMATION
fixed length control field 221019s2018 bg |||| ||a| 000 0 ben d
020 ## - INTERNATIONAL STANDARD BOOK NUMBER
International Standard Book Number 9789844843274
035 ## - SYSTEM CONTROL NUMBER
system control number (BD-JhCC)13144
040 ## - CATALOGING SOURCE
Original cataloging agency BD-JhCC
Modifying agency BD-JhCC
041 ## - LANGUAGE CODE
Language code of Book Bengali
082 ## - DEWEY DECIMAL CLASSIFICATION NUMBER
Author mark and Year KAL 2018
Classification number 891.4435
100 ## - MAIN ENTRY--PERSONAL NAME
Personal name কল্লোল, মিজানুর রহমান
245 ## - TITLE STATEMENT
Title ১৫ টি হরর গল্প /
Statement of responsibility, etc মিজানুর রহমান কল্লোল।
260 ## - PUBLICATION, DISTRIBUTION, ETC. (IMPRINT)
Place of publication, distribution, etc ঢাকা :
Name of publisher, distributor, etc শিকা প্রকাশনী;
Date of publication, distribution, etc 2018.
300 ## - PHYSICAL DESCRIPTION
Pagination 176 p. :
Dimensions 20 cm.
650 ## - SUBJECT ADDED ENTRY--TOPICAL TERM
Topical term or geographic name as entry element Ghost Story
700 ## - ADDED ENTRY--PERSONAL NAME
Personal name হারিরি, রাফিক
942 ## - ADDED ENTRY ELEMENTS (KOHA)
Source of classification or shelving scheme Dewey Decimal Classification
Koha item type Books
Holdings
Source of classification or shelving scheme Damaged status Not for loan Home library Current library Shelving location Date of accession Cost, normal purchase price Total Checkouts Full call number Barcode Date last seen Date checked out Copy number Method of acquisition Koha item type Currency
Dewey Decimal Classification     JCC Rouf Library JCC Rouf Library General Stacks 06/16/2023 300.00 15 891.4435 KAL 2018 17915 11/11/2025 10/28/2025 C-1 Purchase Books BDT

JCC Library | Contacts | JCC Home

Last Update on 23 September 2017
Copyright @ 2017-2020 JCC Rouf Library
Rouf Library, Jhenidah Cadet College (JCC), Bangladesh